000 00371nam a2200157Ia 4500
008 221030s9999 xx 000 0 und d
020 _a817629910
041 _aEnglish
082 _a105.23
_bMay
100 _aM. M. Maymand
245 0 _aGlobal Strategic Management
260 _bDeep & Deep Pub
_aNew Delhi
_c2005
300 _a270
650 _aManagement
942 _cBK
999 _c556
_d556